00355nam a22001217a 4500020000800000040001600008082001300024100002600037245007700063250002000140260004700160300002600207 qHB. cFIZZA ISHAQ a927bBER a Berenson , Bernard. aSunset and Twilight: From the Diaries of 1947-1958 /c Bernard Berenson. a First Edition. aNew York:b Harcourt Brace & World,c1963. axxu , 547 P. ;c24 cm